| 000 | 01284nam2a2200265 4500 | ||
|---|---|---|---|
| 001 | rc\2921198 | ||
| 005 | 20260315054748.0 | ||
| 035 | _a(NLR Aleph) 007071393 | ||
| 090 |
_a13595529 _c13595529 |
||
| 100 | _a20110812d1944 u y0rusy50 ca | ||
| 101 | 0 | _arus | |
| 102 | _aRU | ||
| 105 | _aa z ||||| | ||
| 200 | 1 |
_aАвгуст 1944 г. _fОтв. ред. полк. Богданов А.Р. |
|
| 210 | _d1944 | ||
| 215 |
_a96 с., 2 л. схем. _cил., схем. |
||
| 300 | _aЭкз. № 11024 | ||
| 300 | _aНадзаг.: Упр. по использованию опыта войны Ген. штаба Красной Армии | ||
| 461 | 0 |
_1001rc\2921189 _12001#$aСборник тактических примеров по опыту Отечественной войны$e№ 1-$fОтв. ред. полк. Мазалов М.Р.$gГен. штаб Красной Армии$v№ 9 _96384040 _cМосква _d1943-1947 _fОтв. ред. полк. Мазалов М.Р. _nВоениздат _o№ 1- _tСборник тактических примеров по опыту Отечественной войны _v№ 9 |
|
| 702 | 1 |
_aБогданов _bА.Р. _4340 |
|
| 801 | 0 |
_aRU _bNLR _gpsbo |
|
| 801 | 1 |
_aRU _bELAR _2rusmarc |
|
| 852 |
_aNLR _jВ10 Г-6/7 |
||
| 942 | _cUNSPEC | ||
| 980 | _aNB | ||